| 000 | 01026nam a22003257a 4500 | ||
|---|---|---|---|
| 003 | CHAP | ||
| 005 | 20220329141540.0 | ||
| 008 | 971013s1982 r 00010 d | ||
| 010 | _a70000 | ||
| 011 | _a70972 | ||
| 035 | _a80526 | ||
| 040 | _cCHAP | ||
| 082 |
_a553.2820972 _bC6 |
||
| 100 | 0 | 0 |
_aColmenares, Francisco. _925336 |
| 245 | _aPetróleo y lucha de clases en México 1864 - 1982 | ||
| 260 |
_aMéxico, D. F. : _bEL Caballito, _c1982 |
||
| 300 | _a235 p. | ||
| 490 |
_aCol. Fragua mexicana _v; 71 |
||
| 500 | _aD19-33 | ||
| 590 |
_aBATCH-UPD _b10 _c20130110 _lUCH01 _h0354 |
||
| 590 |
_aBATCH-UPD _b10 _c20130410 _lUCH01 _h0027 |
||
| 590 |
_aBATCH-UPD _b10 _c20130914 _lUCH01 _h1001 |
||
| 590 |
_aCONVERSION _b10 _c20130109 _lUCH01 _h1338 |
||
| 650 | 1 | 4 |
_aMéxico _xCondiciones sociales. _976730 |
| 650 | 1 | 4 |
_aPetróleo _zMéxico. _987678 |
| 830 | 0 |
_aCol. Fragua mexicana _v; 71 _924555 |
|
| 901 | _aBK | ||
| 942 | _cLIBRO | ||
| 949 |
_a553.2820972 C6 _bBC _cLIBRO _d33724000477758 _eLIBRO _gI. c/e _h73961 _i80526 _si _t5.10 |
||
| 999 |
_c70000 _d70000 |
||